आलोचक मैथ्यू आर्नल्ड (Record no. 117164)

MARC details
000 -LEADER
fixed length control field 00901nam a2200253Ia 4500
003 - CONTROL NUMBER IDENTIFIER
control field OSt
005 - DATE AND TIME OF LATEST TRANSACTION
control field 20220918111917.0
008 - FIXED-LENGTH DATA ELEMENTS--GENERAL INFORMATION
fixed length control field 220915b |||||||| |||| 00| 0 hin d
037 ## - SOURCE OF ACQUISITION
Terms of availability Textbook
040 ## - CATALOGING SOURCE
Language of cataloging hin
Original cataloging agency ARTS
Transcribing agency ARTS
041 ## - LANGUAGE CODE
Language code of text/sound track or separate title hin
100 ## - MAIN ENTRY--PERSONAL NAME
Personal name रामसेवक सिंह
245 #0 - TITLE STATEMENT
Title आलोचक मैथ्यू आर्नल्ड
246 ## - VARYING FORM OF TITLE
Title proper/short title Ālochak maithyū ārnalḍa
260 ## - PUBLICATION, DISTRIBUTION, ETC.
Place of publication, distribution, etc. दिल्ली
Name of publisher, distributor, etc. आलेख प्रकाशन भारत
Date of publication, distribution, etc. 1977
490 ## - SERIES STATEMENT
Series statement पाश्चात्य काव्यशास्त्र गं्रथमाला; 2
650 ## - SUBJECT ADDED ENTRY--TOPICAL TERM
Topical term or geographic name entry element अंग्रेजी साहित्य
942 ## - ADDED ENTRY ELEMENTS (KOHA)
Classification part O111:gM22, 152L7
Koha item type Textbook
Source of classification or shelving scheme Colon Classification (CC)

No items available.

Copyright @ Delhi University Library System